EXTREME FLAG QUIZ! - Statistics

General Stats
  • This quiz has been taken 4 times
  • The average score is 4 of 16
Answer Stats
Picture Answer % Correct
Akrotiri and Dhekelia (United Kingdom)
50%
Amapá (Brazil)
50%
Tuva (Russia)
50%
Alo (France)
25%
Anchorage (united States of america)
25%
Austral Islands (france)
25%
coral Sea islands (australia)
25%
Ljubljana (Slovenia)
25%
Sigave (france)
25%
Tocantins (Brazil)
25%
Västmanland County (Sweden)
25%
Zagreb (Croatia)
25%
Arkhangelsk Oblast (Russia)
0%
Karlovy vary (Czechia)
0%
Subcarpathian voivodeship (Poland)
0%
Yaren (nauru)
0%
No matching quizzes found
Score Distribution
Percent of People with Each Score
Percentile by Number Answered
Your Score History
You have not taken this quiz